Waynes by Picture - Statistics

General Stats
  • This quiz has been taken 29 times
  • The average score is 5 of 8
Answer Stats
Picture Answer % Correct
Dwayne Johnson
96%
Wayne Gretzky
85%
Lil Wayne
81%
Wayne Rooney
70%
Dwyane Wade
63%
Wayne Brady
52%
Wayne Newton
44%
Wayne Knight
41%
No matching quizzes found
Score Distribution
Percent of People with Each Score
Percentile by Number Answered
Your Score History
You have not taken this quiz